000 00867nam a22002897a 4500
003 CHAP
005 20220329134141.0
008 971013s1955 r 00010 d
010 _a16180
011 _a17152
035 _a21235
040 _cCHAP
082 _a632
_bH62
100 0 0 _aHolmes, E.
_955995
245 _aPractical plant protection
260 _aLondon :
_bConstables,
_c1955
300 _a252 p.
_b: ilus.
590 _aBATCH-UPD
_b10
_c20130110
_lUCH01
_h2008
590 _aBATCH-UPD
_b10
_c20130410
_lUCH01
_h1328
590 _aBATCH-UPD
_b10
_c20130914
_lUCH01
_h1413
590 _aCONVERSION
_b10
_c20130109
_lUCH01
_h1310
650 1 4 _aFitopatología.
_941161
901 _aBK
942 _cLIBRO
949 _a632 H62
_bBC
_cLIBRO
_d33724000175311
_eLIBRO
_h22205
_i21235
_si
949 _a632 H62
_bBC
_cLIBRO
_d33724000175329
_eLIBRO
_fc.2
_h22413
_i21235
_si
999 _c16180
_d16180